<?xml version="1.0" encoding="UTF-8"?>
<record
    xmlns:xsi="http://www.w3.org/2001/XMLSchema-instance"
    xsi:schemaLocation="http://www.loc.gov/MARC21/slim http://www.loc.gov/standards/marcxml/schema/MARC21slim.xsd"
    xmlns="http://www.loc.gov/MARC21/slim">

  <leader>02015nam a2200193 a 4500</leader>
  <controlfield tag="008">180528t2001    sp ||||g |||| 00| f spa d</controlfield>
  <datafield tag="020" ind1=" " ind2=" ">
    <subfield code="a">8401014808</subfield>
  </datafield>
  <datafield tag="041" ind1=" " ind2=" ">
    <subfield code="a">spa</subfield>
  </datafield>
  <datafield tag="092" ind1=" " ind2=" ">
    <subfield code="c">808</subfield>
    <subfield code="l">81</subfield>
    <subfield code="s">STE</subfield>
  </datafield>
  <datafield tag="100" ind1="1" ind2=" ">
    <subfield code="a">Steel, Danielle</subfield>
    <subfield code="9">3936</subfield>
  </datafield>
  <datafield tag="245" ind1=" " ind2=" ">
    <subfield code="a">Fuerzas irresistibles /</subfield>
    <subfield code="c">Danielle Steel</subfield>
  </datafield>
  <datafield tag="250" ind1=" " ind2=" ">
    <subfield code="a">1a ed.</subfield>
    <subfield code="b">Traducci&#xF3;n Luis Murillo Fort</subfield>
  </datafield>
  <datafield tag="260" ind1=" " ind2=" ">
    <subfield code="a">Barcelona:</subfield>
    <subfield code="b">Plaza &amp; Janes;</subfield>
    <subfield code="c">2001.</subfield>
  </datafield>
  <datafield tag="300" ind1=" " ind2=" ">
    <subfield code="a">269 p.</subfield>
  </datafield>
  <datafield tag="500" ind1=" " ind2=" ">
    <subfield code="a">Steel, D. (2001). Fuerzas irresistibles. (1a ed.). Barcelona : Plaza &amp; Janes.</subfield>
  </datafield>
  <datafield tag="505" ind1=" " ind2=" ">
    <subfield code="a">Durante catorce a&#xF1;os, el matrimonio de Steve y Meredith Whitman se ha caracterizado por una relaci&#xF3;n colmada de pasi&#xF3;n y amistad pese a las exigencias de sus respectivas profesiones. Meredith, ejecutiva de un banco de inversiones, ha conseguido ser socia de una de las principales firmas de Wall Street. Steve, m&#xE9;dico por vocaci&#xF3;n, ha elegido trabajar en un servicio de traumatolog&#xED;a de un hospital y renunciar a una carrera mejor remunerada. Lo &#xFA;nico que falta en sus vidas son hijos. Steve desea tenerlos, pero Meredith se niega a afrontar la maternidad pues no se siente preparada y dice no disponer de tiempo. Sobre todo ahora que le han ofrecido una inmejorable oportunidad de codearse con la flor y nata empresarial de San Francisco, a cuatro mil kil&#xF3;metros de Nueva York. Steve est&#xE1; dispuesto a dejarlo yodo y promete reunirse con ella cuando consiga a su vez un empleo en California. Tal vez, entonces, conf&#xED;a, puedan por fin formar una familia. Sin embargo, ni Steve ni Meredith han contado con las frustraciones que conlleva vivir separados, s&#xF3;lo compartiendo fines de semana. Sola en San Francisco, ella pasa largas horas en la oficina con su jefe, el carism&#xE1;tico Callan. Por su parte, &#xE9;l comparte veladas con una colega del hospital. Casi sin darse cuenta, Steve y Meredith comienzan a llevar vidas independientes en mundo cada vez m&#xE1;s alejados y sus corazones empiezan a verse arrastrados por fuerzas irresistibles. </subfield>
  </datafield>
  <datafield tag="655" ind1=" " ind2=" ">
    <subfield code="a">Literatura</subfield>
    <subfield code="9">2917</subfield>
  </datafield>
  <datafield tag="942" ind1=" " ind2=" ">
    <subfield code="2">ddc</subfield>
    <subfield code="c">LIT</subfield>
  </datafield>
  <datafield tag="999" ind1=" " ind2=" ">
    <subfield code="c">3279</subfield>
    <subfield code="d">3279</subfield>
  </datafield>
  <datafield tag="952" ind1=" " ind2=" ">
    <subfield code="0">0</subfield>
    <subfield code="1">0</subfield>
    <subfield code="2">ddc</subfield>
    <subfield code="4">0</subfield>
    <subfield code="7">0</subfield>
    <subfield code="a">BFM</subfield>
    <subfield code="b">BFM</subfield>
    <subfield code="c">CR</subfield>
    <subfield code="d">2025-07-24</subfield>
    <subfield code="e">Donaci&#xF3;n Navarro, Adriana. Julio 2025</subfield>
    <subfield code="l">0</subfield>
    <subfield code="o">808 81 STE</subfield>
    <subfield code="p">5053</subfield>
    <subfield code="r">2025-07-24</subfield>
    <subfield code="t">Ej. 1</subfield>
    <subfield code="w">2025-07-24</subfield>
    <subfield code="y">LIT</subfield>
    <subfield code="z">Donaci&#xF3;n Navarro, Adriana. Julio 2025. Sede Tordos.</subfield>
    <subfield code="f"></subfield>
  </datafield>
</record>
